Propuesta de Normas de Seguridad e Higiene Laboral por puesto de trabajo en la Empresa Constructora MEGA S. A
El estudio propone normas de seguridad e higiene ocupacional por puestos de trabajo lográndose por medio del análisis, evaluación y prevención de los riesgos laborales existentes en la empresa MEGA S. A. Valora las condiciones de seguridad e higiene ocupacional en las que labora el personal, en...
| Main Authors: | , , |
|---|---|
| Other Authors: | |
| Format: | Tesis Section = Libro |
| Language: | Undetermined Spanish |
| Published: |
Managua
UNI
2015
|
| Subjects: |
| LEADER | 01397nam a2200289Ia 4500 | ||
|---|---|---|---|
| 008 | 240830s9999 xx 000 0 und d | ||
| 040 | |a BIBLIOTECA-RUPAP Mon 658.38 C139 | ||
| 041 | |a spa | ||
| 082 | |a Mon 658.38 C139 | ||
| 100 | 1 | |a Cajina Molina, Oscar Eduardo | |
| 100 | 1 | |b Espinoza López, Bhem Oliver | |
| 100 | 1 | |c Huete Reyes, Danny | |
| 245 | 1 | 0 | |a Propuesta de Normas de Seguridad e Higiene Laboral por puesto de trabajo en la Empresa Constructora MEGA S. A |
| 260 | |a Managua |b UNI |c 2015 | ||
| 300 | |a 165 p. :il. | ||
| 500 | |a Contiene: anexos e Incluye: CD. | ||
| 502 | |a Tesis (Ingeniero Industrial)- UNI, 2015. | ||
| 520 | 3 | |a El estudio propone normas de seguridad e higiene ocupacional por puestos de trabajo lográndose por medio del análisis, evaluación y prevención de los riesgos laborales existentes en la empresa MEGA S. A. Valora las condiciones de seguridad e higiene ocupacional en las que labora el personal, en cada uno de los diferentes puestos de trabaja. Propone las medidas preventivas para cada factor de riesgo identificado. | |
| 650 | 7 | |a SEGURIDAD E HIGIENE LABORAL | |
| 650 | 7 | |b PREVENCION DE RIESGO | |
| 650 | 7 | |c EVALUACION DE RIESGOS LABORALES | |
| 650 | 7 | |d HIGIENE OCUPACIONAL | |
| 650 | 7 | |e REGLAS DE SEGURIDAD E HIGIENE OCUPACIONAL | |
| 700 | 1 | |a Tutor: |b Gutiérrez Martínez, Marbel Evaristo | |
| 942 | |c BK |2 ddc | ||
| 991 | |a TESIS | ||
| 999 | |c 17089 | ||